| Tag |
First Indicator |
Second Indicator |
Subfields |
| LEADER |
00000cam a2200000 a 4500 |
| 001 |
in00002444921 |
| 005 |
20220106092917.0 |
| 006 |
m d f |
| 007 |
cr bn||||||||| |
| 008 |
090129s2008 dcua sb f000 0 eng c |
| 035 |
|
|
|a (OCoLC)ocn300288762
|
| 040 |
|
|
|a GPO
|c GPO
|d GPO
|d MvI
|d UtOrBLW
|
| 042 |
|
|
|a pcc
|
| 043 |
|
|
|a n-us---
|
| 049 |
|
|
|a WWW
|
| 050 |
1 |
4 |
|a KF26
|b .E55 2008zc
|
| 074 |
|
|
|a 1040-C (online)
|
| 086 |
0 |
|
|a Y 4.EN 2:S.HRG.110-680
|
| 110 |
1 |
|
|a United States.
|b Congress.
|b Senate.
|b Committee on Energy and Natural Resources.
|
| 245 |
1 |
0 |
|a High diesel fuel prices :
|b hearing before the Committee on Energy and Natural Resources, United States Senate, One Hundred Tenth Congress, second session, to examine why diesel fuel prices have been so high and what can be done to address the situation, September 23, 2008.
|
| 264 |
|
1 |
|a Washington :
|b U.S. G.P.O.,
|c 2008.
|
| 300 |
|
|
|a 1 electronic text (iii, 45 pages) :
|b HTML, digital, PDF file.
|
| 336 |
|
|
|a text
|b txt
|2 rdacontent
|
| 337 |
|
|
|a computer
|b c
|2 rdamedia
|
| 338 |
|
|
|a online resource
|b cr
|2 rdacarrier
|
| 490 |
1 |
|
|a S. hrg. ;
|v 110-680
|
| 538 |
|
|
|a Mode of access: Internet from the GPO Access web site. Addresses as of 1/29/09: http://frwebgate.access.gpo.gov/cgi-bin/getdoc.cgi?dbname=110%5Fsenate%5Fhearings&docid=f:46171.wais (text version); http://frwebgate.access.gpo.gov/cgi-bin/getdoc.cgi?dbname=110%5Fsenate%5Fhearings&docid=f:46171.pdf (PDF version) ; current access is available via PURLs.
|
| 500 |
|
|
|a Title from title screen (viewed on Jan. 29, 2009).
|
| 504 |
|
|
|a Includes bibliographical references.
|
| 500 |
|
|
|a Electronic resource.
|
| 650 |
|
0 |
|a Diesel fuels
|x Prices
|z United States.
|
| 650 |
|
0 |
|a Offshore oil industry
|z Gulf States.
|
| 776 |
0 |
8 |
|i Print version:
|a United States. Congress. Senate. Committee on Energy and Natural Resources.
|t High diesel fuel prices
|h iii, 45 p.
|w (OCoLC)300039285
|
| 776 |
0 |
8 |
|i Microfiche:
|a United States. Congress. Senate. Committee on Energy and Natural Resources.
|t High diesel fuel prices
|h iii, 45 p.
|w (OCoLC)467924773
|
| 810 |
1 |
|
|a United States.
|b Congress.
|b Senate.
|t S. hrg. ;
|v 110-680.
|
| 856 |
4 |
0 |
|3 Text version:
|u https://purl.fdlp.gov/GPO/LPS108205
|t 0
|
| 856 |
4 |
0 |
|3 PDF version:
|u https://purl.fdlp.gov/GPO/LPS108206
|t 0
|
| 999 |
|
|
|a MARS
|
| 999 |
f |
f |
|s 0b9f0d58-8776-343e-9f8c-7d697a11faa0
|i 2e6b581f-ace4-3066-abb6-952bfd61afaf
|t 0
|
| 952 |
f |
f |
|a Texas A&M University
|b College Station
|c Electronic Resources
|d Available Online
|t 0
|e Y 4.EN 2:S.HRG.110-680
|h Superintendent of Documents classification
|
| 998 |
f |
f |
|a Y 4.EN 2:S.HRG.110-680
|t 0
|l Available Online
|